| 000 | 00744nam a2200205 a 4500 | ||
|---|---|---|---|
| 008 | 120125s2007 ||||||||||||||||| || u | ||
| 020 | _a9788189975296 | ||
| 050 | _aHG 4027.7 Shi | ||
| 100 | _aShim, Jae K | ||
| 245 | 1 | 0 |
_aFinancial management. (2nd ed.) _cby Jae K. Shim and Joel G. Siegal |
| 250 | _a2nd ed. | ||
| 260 |
_aAminjikarai, Chennai: _bWestland Books Pvt _c2007 |
||
| 300 | _av, 359p.: ill. | ||
| 350 | _a0.00 | ||
| 490 | _aBarron's business library | ||
| 650 | _aCORPORATIONS--FINANCE | ||
| 650 | 0 | _aFINANCE--DEVELOPING COUNTRIES | |
| 700 | _aSiegal, Joel G | ||
| 995 |
_FCBU-MAIN LIBRARY (Kitwe) _I0.00 _M1 _UAVAILABLE _WFeb 15, 2013 _ZAnnex Low-Usage Collection |
||
| 999 |
_c43381 _d43381 |
||